[Event "ESP-ch U10"]
[Site "Granada"]
[Date "2016.07.01"]
[Round "7"]
[White "Bellver Gorshenin, Maxim"]
[Black "Diaz Reyes, Killian"]
[Result "1-0"]
[WhiteElo "1437"]
[BlackElo "1296"]
[PlyCount "135"]
[EventDate "2016.06.27"]
[EventType "swiss"]
[EventRounds "9"]
[EventCountry "ESP"]
[SourceTitle "EXT 2024"]
[Source "ChessBase"]
[SourceDate "2023.10.10"]
[SourceVersion "1"]
[SourceVersionDate "2023.10.10"]
[SourceQuality "1"]

1. e4 d5 2. exd5 Qxd5 3. Nc3 Qa5 4. d4 c6 5. Nf3 Nf6 6. Ne5 Nbd7 7. Nc4 Qc7 8. Bd3 e6 9. h3 Be7 10. 0-0 0-0 11. Qf3 Nb6 12. Bf4 Qd8 13. Rfd1 Nxc4 14. Bxc4 Bd7 15. Qg3 Nh5 16. Qf3 Nxf4 17. Qxf4 Qb6 18. b3 Rfd8 19. Rd3 Bf6 20. Na4 Qa5 21. Rg3 Kh8 22. Nc5 Bc8 23. c3 Rf8 24. Ne4 Be7 25. Bd3 h6 26. Qg4 Rg8 27. h4 Qd8 28. Ng5 Bxg5 29. hxg5 Qf8 30. Rf3 e5 31. Qe4 g6 32. Bc4 hxg5 33. Rxf7 Qe8 34. Qxe5+ Qxe5 35. dxe5 Re8 36. Kh2 Rxe5 37. Rh1 b5 38. Kg1+ Kg8 39. Rxa7+ bxc4 40. Rxa8 Re8 41. bxc4 Kg7 42. a4 Kf7 43. Rh7+ Kf6 44. Rc7 Re1+ 45. Kh2 Bf5 46. Rxc6+ Ke7 47. Ra7+ Kd8 48. Rcc7 Be4 49. Rg7 Bc6 50. Rg8+ Be8 51. Ra8+ Kd7 52. Rgxe8 Rxe8 53. Rxe8 Kxe8 54. Kg3 Kd7 55. Kf3 Kc6 56. Ke4 Kb6 57. Kd5 g4 58. c5+ Kc7 59. a5 g3 60. f3 g5 61. a6 g4 62. fxg4 Kb8 63. c6 Kc7 64. a7 Kb6 65. a8Q Kb5 66. Qb7+ Ka4 67. Kc4 Ka5 68. Qb5# 1-0

[Event "ESP-ch U10"]
[Site "Granada"]
[Date "2016.07.01"]
[Round "8"]
[White "Habans Aguerrea, Javier"]
[Black "Bellver Gorshenin, Maxim"]
[Result "1/2-1/2"]
[WhiteElo "1391"]
[BlackElo "1437"]
[PlyCount "71"]
[EventDate "2016.06.27"]
[EventType "swiss"]
[EventRounds "9"]
[EventCountry "ESP"]
[SourceTitle "EXT 2024"]
[Source "ChessBase"]
[SourceDate "2023.10.10"]
[SourceVersion "1"]
[SourceVersionDate "2023.10.10"]
[SourceQuality "1"]

1. e4 e5 2. Nc3 Nf6 3. f4 d5 4. fxe5 Nxe4 5. d3 Nxc3 6. bxc3 Be7 7. Nf3 0-0 8. d4 c5 9. Bd3 cxd4 10. cxd4 Bh4+ 11. g3 Be7 12. 0-0 Bg4 13. Rb1 Nc6 14. Rxb7 Nxd4 15. Bxh7+ Kxh7 16. Qxd4 Bh3 17. Rf2 Kg8 18. Bb2 Rc8 19. Rb5 Be6 20. Bc3 Rc4 21. Qd3 a6 22. Rb2 Re4 23. Bd4 Bg4 24. c3 Bxf3 25. Rxf3 Qc8 26. Re3 Rxe3 27. Bxe3 Rd8 28. Rf2 Qe6 29. Bd4 Rb8 30. Rf1 Rb2 31. Rb1 Rxb1+ 32. Qxb1 f6 33. Qb8+ Kh7 34. Qb1+ Kg8 35. Qb8+ Kh7 36. Qb1+ 1/2-1/2